000 00265nam a22001217a 4500
003 SGT
082 _a618.2
_bC17C
100 _aCHATTOPADHAYAY, SISIRK
245 _aCONCISE TB. OF OBSTETRICS
260 _aINDIA
_bWOLTERS
_c2017
300 _a462
942 _2ddc
_cBK
999 _c14948
_d14948